| 000 | 00687cab a2200181 4500 | ||
|---|---|---|---|
| 001 | L130595 | ||
| 008 | 050815n2005 000 0 eng u | ||
| 035 | _a(Sirsi) u130595 | ||
| 041 | _aeng | ||
| 100 | _aSmith, David | ||
| 245 | _aRed letter day? | ||
| 260 | _c2005 | ||
| 490 |
_aTaxation _v155(4019) 28 July 2005, 455-457(3) |
||
| 520 | _aAdvises contractors and sub-contractors who have received letters from HM Revenue and Customs about their employment status not to panic, but to ensure that the appropriate contract between parties to provide services is in place. | ||
| 590 | _aIKA160805 | ||
| 690 | _aMANAGEMENT-BUSINESS MANAGEMENT-HUMAN RESOURCE MANAGEMENT | ||
| 942 | _n0 | ||
| 999 |
_c75719 _d75719 |
||